000 00290nam a2200109Ia 4500
001 1268557
005 20260417145252.0
008 260417s9999 xx 000 0 und d
020 _a9786257854634
245 0 _aBiri Sırtımı Kaşıyabilir Mi Lütfen?
_cJory John
260 _bKetebe Çocuk
999 _c1268557
_d1268557